[Event "GER-chT Federal Cup (Women)"]
[Site "Braunfels"]
[Date "2012.06.10"]
[Round "5.7"]
[White "Krupp, Katja"]
[Black "Boehme Ziska, Christine"]
[Result "0-1"]
[WhiteElo "1657"]
[BlackElo "1733"]
[PlyCount "38"]
[EventDate "2012.06.07"]
[EventType "team-swiss"]
[EventRounds "5"]
[EventCountry "GER"]
[SourceTitle "CBM 149 Extra"]
[Source "ChessBase"]
[SourceDate "2012.08.24"]
[SourceVersion "1"]
[SourceVersionDate "2012.08.24"]
[SourceQuality "1"]
[WhiteTeam "Schleswig Holstein (W)"]
[BlackTeam "Sachsen (W)"]
[WhiteTeamCountry "GER"]
[BlackTeamCountry "GER"]

1. e4 c5 2. Nf3 e6 3. d4 cxd4 4. Nxd4 a6 5. Be3 Nf6 6. Nd2 Qc7 7. g3 d5 8. Bg2 e5 9. Ne2 Be6 10. 0-0 Nbd7 11. Rc1 Be7 12. f4 Ng4 13. Bf2 Bc5 14. f5 Bxf2+ 15. Rxf2 Nxf2 16. Kxf2 Qb6+ 17. Ke1 0-0 18. fxe6 fxe6 19. exd5 Qf2# 0-1

[Event "Dresden ZMD op"]
[Site "Dresden"]
[Date "2010.07.11"]
[Round "2"]
[White "Boehme Ziska, Christine"]
[Black "Marotzke, Stefan"]
[Result "1-0"]
[WhiteElo "1711"]
[BlackElo "2026"]
[PlyCount "102"]
[EventDate "2010.07.10"]
[EventType "swiss"]
[EventRounds "9"]
[EventCountry "GER"]
[SourceTitle "CBM 137 Extra"]
[Source "ChessBase"]
[SourceDate "2010.09.01"]
[SourceVersion "1"]
[SourceVersionDate "2010.09.01"]
[SourceQuality "1"]

1. d4 d5 2. c4 c6 3. Nf3 Nf6 4. Nc3 dxc4 5. a4 Bf5 6. e3 h6 7. Bxc4 e6 8. 0-0 Nbd7 9. Re1 Ne4 10. Nxe4 Bxe4 11. Nd2 Bg6 12. Qb3 Qc7 13. Bxe6 0-0-0 14. Bxf7 Bxf7 15. Qxf7 Bd6 16. Nf1 Rdf8 17. Qb3 Qa5 18. Re2 Qh5 19. Qc2 Rf6 20. e4 Rg6 21. e5 Be7 22. Be3 Qg4 23. g3 h5 24. Nd2 Nb6 25. Qe4 Qe6 26. a5 Nd5 27. a6 b6 28. Rc1 h4 29. Qg2 Rg4 30. Rce1 Qg6 31. Nf1 Qe6 32. Rc1 Rg6 33. Rec2 Kd7 34. Re1 Nb4 35. Rcc1 Nd3 36. d5 cxd5 37. f4 Nxe1 38. Rxe1 Bc5 39. f5 Bxe3+ 40. Nxe3 Qxe5 41. fxg6 Re8 42. Nc2 Qd6 43. Qh3+ Kd8 44. Qxh4+ Kd7 45. Qg4+ Kd8 46. Qg5+ Kd7 47. Qf5+ Kd8 48. Rxe8+ Kxe8 49. Qf7+ Kd8 50. Qg8+ Kc7 51. Qxg7+ Kc6 1-0